| 000 | 00541cam a2200193ua 4500 | ||
|---|---|---|---|
| 020 |
_a0-7069-2079-1 _cRs 49.50 |
||
| 041 |
_aeng _h |
||
| 082 |
_a632 _bMAN/FL |
||
| 100 | _aManohar, M . | ||
| 245 |
_aFluid mechanics : Hydraulic machinery and advanced hydraulics, Vol 2 / _cM Manohar. _hTextual Documents |
||
| 260 |
_a : _bVikas publishing house pvt ltd , _c1983. |
||
| 300 | _a505 ; . | ||
| 365 | _aRs 49.50 | ||
| 500 | _a16004 Binding | ||
| 504 | _a | ||
| 700 | 1 | _aKrishnamachari, C. | |
| 942 | _cBK | ||
| 999 |
_c1497 _d1497 |
||